书目信息 |
| 题名: |
十大机心彩色电视机维修精要与实例 第1册
|
|
| 作者: | 刘午平 主编 ;刘建清 编著 | |
| 分册: | 第1册 | |
| 出版信息: | 北京 人民邮电出版社 2004.11 |
|
| 页数: | 331页 | |
| 开本: | 26cm | |
| 丛书名: | ||
| 单 册: | ||
| 中图分类: | TN949.12 | |
| 科图分类: | ||
| 主题词: | 彩色电视--cai se dian shi--电视接收机--维修 | |
| 电子资源: | ||
| ISBN: | 7-115-12420-5 | |
| 000 | 00827cam0 2200241 450 | |
| 001 | 0664010814 | |
| 005 | 20060525110204.76 | |
| 010 | @a7-115-12420-5@dCNY35.00 | |
| 099 | @aCAL 012005021635 | |
| 100 | @a20041230g20049999ekmy0chiy0110 ea | |
| 101 | 0 | @achi |
| 102 | @aCN@b110000 | |
| 200 | 1 | @a十大机心彩色电视机维修精要与实例 第1册@Ashi da ji xin cai se dian shi ji wei xiu jing yao yu shi li di 1 ce@h第1册@f刘午平主编@Fliu wu ping zhu bian@g编著刘建清, 刘午平 |
| 210 | @a北京@c人民邮电出版社@d2004.11 | |
| 215 | @a331页@c图@d26cm | |
| 320 | @a有书目和索引 | |
| 606 | 0 | @a彩色电视@Acai se dian shi@x电视接收机@x维修 |
| 690 | @aTN949.12@v4 | |
| 701 | 0 | @a刘午平@Aliu wu ping@4主编 |
| 702 | 0 | @a刘建清@Aliu jian qing@4编著 |
| 801 | 2 | @aCN@bECN@c20060525 |
| 801 | 0 | @aCN@b541@c20060508 |
| 905 | @a10447@dTN949.12@eL684:1 | |
| 十大机心彩色电视机维修精要与实例 第1册.第1册/刘午平主编/编著刘建清, 刘午平.-北京:人民邮电出版社,2004.11 |
| 331页:图;26cm |
| ISBN 7-115-12420-5:CNY35.00 |
| ● |
| 相关链接 |
|
|
|
正题名:十大机心彩色电视机维修精要与实例 第1册
索取号:TN949.12/L684:1
 
预约/预借
| 序号 | 登录号 | 条形码 | 馆藏地/架位号 | 状态 | 备注 |
| 1 | 604465 | 206044653 | 自科库301/301自科库 100排7列2层/ [索取号:TN949.12/L684:1] | 在馆 | |
| 2 | 604466 | 206044662 | 自科库301/301自科库 100排7列2层/ [索取号:TN949.12/L684:1] | 在馆 |